Countries with the Common Crane - Statistics

General Stats
  • This quiz has been taken 21 times
  • The average score is 45 of 50
Answer Stats
Answer % Correct
China
100%
France
100%
Germany
100%
Italy
100%
Russia
100%
Spain
100%
United Kingdom
100%
Algeria
94%
Egypt
94%
Estonia
94%
Finland
94%
Greece
94%
Iran
94%
Kazakhstan
94%
Latvia
94%
Lithuania
94%
Morocco
94%
Netherlands
94%
Norway
94%
Portugal
94%
Sweden
94%
Tunisia
94%
Turkey
94%
Ukraine
94%
Armenia
88%
Azerbaijan
88%
Belarus
88%
India
88%
Iraq
88%
Kyrgyzstan
88%
Laos
88%
Libya
88%
Mongolia
88%
Pakistan
88%
Poland
88%
Sudan
88%
Thailand
88%
Bhutan
81%
Czechia
81%
Denmark
81%
Ethiopia
81%
Georgia
81%
Jordan
81%
Nepal
81%
Syria
81%
Vietnam
81%
Bangladesh
75%
Eritrea
75%
Saudi Arabia
75%
South Sudan
75%
No matching quizzes found
Score Distribution
Percent of People with Each Score
Percentile by Number Answered
Your Score History
You have not taken this quiz